[Event "CAN-op"]
[Site "Edmonton CAN"]
[Date "2005.07.16"]
[Round "9"]
[White "Willie, Joshua"]
[Black "Bowles, Charles"]
[Result "0-1"]
[WhiteElo "1555"]
[BlackElo "1625"]
[PlyCount "60"]
[GameId "2160767910902176"]
[EventDate "2005.07.09"]
[EventType "swiss"]
[EventRounds "10"]
[EventCountry "CAN"]
[SourceTitle "CBM 107 Extra"]
[Source "ChessBase"]
[SourceDate "2005.09.01"]
[SourceVersion "1"]
[SourceVersionDate "2005.09.01"]
[SourceQuality "1"]

1. e4 e6 2. d4 d5 3. Bd3 c5 4. b3 cxd4 5. Bb5+ Nc6 6. Bxc6+ bxc6 7. Qxd4 Nf6 8. e5 Ne4 9. Qd3 a5 10. c3 Ba6 11. Qf3 Bc5 12. Be3 Qb6 13. Bxc5 Qxc5 14. Ne2 Bxe2 15. Kxe2 Qa7 16. Rd1 Nc5 17. Nd2 Nd7 18. Qg3 O-O 19. Nf3 f6 20. Rd4 fxe5 21. Nxe5 Nf6 22. f3 c5 23. Rf4 Nh5 24. Rxf8+ Rxf8 25. Qg4 Nf6 26. Qxe6+ Kh8 27. Kf1 c4 28. bxc4 Ne4 29. Nd3 Qe3 30. Qxd5 Nd2# 0-1

[Event "CAN-op"]
[Site "Edmonton CAN"]
[Date "2005.07.16"]
[Round "9"]
[White "Wong, Wylon"]
[Black "Doubleday, William"]
[Result "0-1"]
[WhiteElo "1894"]
[BlackElo "2069"]
[PlyCount "77"]
[GameId "2160767910902177"]
[EventDate "2005.07.09"]
[EventType "swiss"]
[EventRounds "10"]
[EventCountry "CAN"]
[SourceTitle "CBM 107 Extra"]
[Source "ChessBase"]
[SourceDate "2005.09.01"]
[SourceVersion "1"]
[SourceVersionDate "2005.09.01"]
[SourceQuality "1"]

1. d4 d5 2. c4 e6 3. Nc3 c6 4. e3 Nf6 5. Nf3 Bd6 6. Qc2 Nbd7 7. Bd2 O-O 8. Bd3 Qe7 9. O-O-O dxc4 10. Bxc4 b5 11. Bb3 b4 12. Na4 c5 13. Bc4 Bb7 14. b3 a5 15. Kb2 cxd4 16. exd4 Be4 17. Bd3 Rac8 18. Qb1 Bxd3 19. Qxd3 h6 20. h3 Nd5 21. Rc1 N7b6 22. Nxb6 Nxb6 23. Rxc8 Rxc8 24. Qb5 Qa7 25. Rc1 Rxc1 26. Kxc1 Qc7+ 27. Kb1 Nd5 28. Kb2 Bf4 29. Qc5 Qb7 30. Qxa5 Bxd2 31. Nxd2 Nf4 32. Nf3 Nxg2 33. Ne5 Qb8 34. Nc6 Qd6 35. Nxb4 Qxd4+ 36. Ka3 Nf4 37. Nc6 Qd6+ 38. Nb4 Nd3 39. Qa8+ 0-1

[Event "CAN-op"]
[Site "Edmonton CAN"]
[Date "2005.07.16"]
[Round "9"]
[White "Yuan, Michael"]
[Black "Jiang, Louie"]
[Result "0-1"]
[WhiteElo "2119"]
[BlackElo "1895"]
[PlyCount "54"]
[GameId "2160767910902178"]
[EventDate "2005.07.09"]
[EventType "swiss"]
[EventRounds "10"]
[EventCountry "CAN"]
[SourceTitle "CBM 107 Extra"]
[Source "ChessBase"]
[SourceDate "2005.09.01"]
[SourceVersion "1"]
[SourceVersionDate "2005.09.01"]
[SourceQuality "1"]

1. e4 c5 2. Nf3 d6 3. d4 cxd4 4. Qxd4 Nc6 5. Bb5 Bd7 6. Bxc6 Bxc6 7. Nc3 Nf6 8. Bg5 e6 9. O-O-O Be7 10. Rhe1 O-O 11. Kb1 Qa5 12. Qd2 Qb6 13. Nd4 Rfd8 14. f4 Rac8 15. Re3 Qc7 16. Qe2 a6 17. g4 b5 18. Bxf6 Bxf6 19. g5 Bxd4 20. Rxd4 e5 21. fxe5 dxe5 22. Nd5 exd4 23. Nxc7 dxe3 24. Nxa6 Rd2 25. Qe1 Rcd8 26. Kc1 Bxe4 27. Nb4 Rxh2 0-1

[Event "CAN-op"]
[Site "Edmonton CAN"]
[Date "2005.07.17"]
[Round "10"]
[White "Aird, Ian"]
[Black "Huber, Gregory"]
[Result "0-1"]
[WhiteElo "2070"]
[BlackElo "2310"]
[PlyCount "52"]
[GameId "2160767910902179"]
[EventDate "2005.07.09"]
[EventType "swiss"]
[EventRounds "10"]
[EventCountry "CAN"]
[SourceTitle "CBM 107 Extra"]
[Source "ChessBase"]
[SourceDate "2005.09.01"]
[SourceVersion "1"]
[SourceVersionDate "2005.09.01"]
[SourceQuality "1"]

1. e4 c5 2. Nf3 e6 3. b3 b6 4. Bb2 Bb7 5. e5 Nc6 6. Na3 f6 7. Nc4 Qc7 8. a4 Be7 9. Be2 Nh6 10. O-O O-O 11. Re1 Ng4 12. Bf1 fxe5 13. Ncxe5 Ncxe5 14. Bxe5 Nxe5 15. Nxe5 Bf6 16. d4 d6 17. Ng4 Bxd4 18. Rb1 h5 19. Ne3 Qf7 20. Qe2 g6 21. Red1 Qf4 22. g3 Qf3 23. Qxf3 Bxf3 24. Bg2 Bxd1 25. Bxa8 Bxc2 26. Nxc2 Rxa8 0-1

[Event "CAN-op"]
[Site "Edmonton CAN"]
[Date "2005.07.17"]
[Round "10"]
[White "Blum, Roger"]
[Black "Wilson, Jonathan"]
[Result "1-0"]
[WhiteElo "1618"]
[BlackElo "2293"]
[PlyCount "61"]
[GameId "2160767910902180"]
[EventDate "2005.07.09"]
[EventType "swiss"]
[EventRounds "10"]
[EventCountry "CAN"]
[SourceTitle "CBM 107 Extra"]
[Source "ChessBase"]
[SourceDate "2005.09.01"]
[SourceVersion "1"]
[SourceVersionDate "2005.09.01"]
[SourceQuality "1"]

1. e4 c5 2. Nf3 d6 3. d4 cxd4 4. Nxd4 Nf6 5. Nc3 Nc6 6. Be2 e6 7. Be3 Be7 8. Qd2 O-O 9. O-O-O Bd7 10. g4 a6 11. g5 Ne8 12. h4 b5 13. a3 Rc8 14. Kb1 Qa5 15. Nb3 Qc7 16. f4 g6 17. h5 Ng7 18. hxg6 fxg6 19. Rh2 Rf7 20. Rdh1 Ne8 21. Bf3 Rd8 22. f5 exf5 23. exf5 Bxf5 24. Bd5 Bf8 25. Rxh7 Bg7 26. Qh2 Kf8 27. Bxf7 Qxf7 28. Nd4 Nxd4 29. Bxd4 Rd7 30. Bxg7+ Nxg7 31. Rh8+ 1-0

[Event "CAN-op"]
[Site "Edmonton CAN"]
[Date "2005.07.17"]
[Round "10"]
[White "Doubleday, William"]
[Black "Mohota, Nisha"]
[Result "0-1"]
[WhiteElo "2069"]
[BlackElo "2343"]
[PlyCount "78"]
[GameId "2160767910902183"]
[EventDate "2005.07.09"]
[EventType "swiss"]
[EventRounds "10"]
[EventCountry "CAN"]
[SourceTitle "CBM 107 Extra"]
[Source "ChessBase"]
[SourceDate "2005.09.01"]
[SourceVersion "1"]
[SourceVersionDate "2005.09.01"]
[SourceQuality "1"]

1. d4 f5 2. g3 g6 3. c4 Bg7 4. Nf3 d6 5. d5 c6 6. Bg2 Nh6 7. O-O O-O 8. Nc3 e5 9. dxe6 Bxe6 10. Qd3 Nf7 11. Rd1 Na6 12. b3 Nc5 13. Qc2 Qe7 14. Bb2 a5 15. a4 Qc7 16. Nb1 Ne5 17. Nd4 Bd7 18. Nd2 Rae8 19. Re1 Qb6 20. Rad1 Re7 21. N4f3 Nxf3+ 22. Bxf3 Bxb2 23. Qxb2 Nxa4 24. Qc2 Nc5 25. Rb1 f4 26. Qc3 Ne6 27. Ra1 fxg3 28. hxg3 Nd4 29. Qxa5 Qxa5 30. Rxa5 Nxf3+ 31. Nxf3 Rxf3 32. Ra8+ Kg7 33. Rd1 Rxe2 34. Rxd6 Bf5 35. Rb8 Rfxf2 36. Rxb7+ Kh6 37. Rf6 Rg2+ 38. Kf1 Ref2+ 39. Ke1 Rb2 0-1

[Event "CAN-op"]
[Site "Edmonton CAN"]
[Date "2005.07.17"]
[Round "10"]
[White "Dougherty, Michael"]
[Black "Peterson, Curtis"]
[Result "1-0"]
[WhiteElo "2332"]
[BlackElo "1884"]
[PlyCount "60"]
[GameId "2160767910902184"]
[EventDate "2005.07.09"]
[EventType "swiss"]
[EventRounds "10"]
[EventCountry "CAN"]
[SourceTitle "CBM 107 Extra"]
[Source "ChessBase"]
[SourceDate "2005.09.01"]
[SourceVersion "1"]
[SourceVersionDate "2005.09.01"]
[SourceQuality "1"]

1. d4 Nf6 2. c4 c5 3. e3 g6 4. Nf3 Bg7 5. Be2 O-O 6. O-O cxd4 7. Nxd4 Nc6 8. Nc3 d5 9. c5 Re8 10. b3 e5 11. Nxc6 bxc6 12. Bb2 Qa5 13. Na4 Ne4 14. Qe1 Qd8 15. Rd1 Qe7 16. b4 Bb7 17. f3 Ng5 18. e4 d4 19. Bc1 Ne6 20. Bc4 Bf6 21. g3 Rf8 22. Nb2 Bg5 23. f4 exf4 24. gxf4 Bh4 25. Qe2 g5 26. f5 Nxc5 27. bxc5 Qxc5 28. e5 Qb6 29. e6 c5 30. exf7+ Rxf7 1-0

[Event "CAN-op"]
[Site "Edmonton CAN"]
[Date "2005.07.17"]
[Round "10"]
[White "Gauer, Kai"]
[Black "Willie, Joshua"]
[Result "0-1"]
[WhiteElo "1132"]
[BlackElo "1555"]
[PlyCount "93"]
[GameId "2160767910902185"]
[EventDate "2005.07.09"]
[EventType "swiss"]
[EventRounds "10"]
[EventCountry "CAN"]
[SourceTitle "CBM 107 Extra"]
[Source "ChessBase"]
[SourceDate "2005.09.01"]
[SourceVersion "1"]
[SourceVersionDate "2005.09.01"]
[SourceQuality "1"]

1. Nf3 c5 2. d4 cxd4 3. Nxd4 d6 4. c4 Nf6 5. b3 e5 6. Nc2 Nc6 7. Nc3 Qa5 8. Bd2 Qb6 9. Nd5 Nxd5 10. cxd5 Nd4 11. e4 Nxc2+ 12. Qxc2 Bd7 13. Be3 Qb4+ 14. Qd2 Qxd2+ 15. Bxd2 Be7 16. Be2 O-O 17. O-O Bd8 18. Rac1 f5 19. f3 Bb6+ 20. Kh1 h6 21. g4 f4 22. Be1 Rac8 23. Bc4 Be3 24. Rc3 Bd4 25. Rc1 b5 26. Bf2 Bxf2 27. Rxf2 bxc4 28. bxc4 Ba4 29. Rb2 Rb8 30. Rg2 Rb7 31. c5 Rc8 32. c6 Rb6 33. g5 h5 34. Kg1 g6 35. Kf1 Bb5+ 36. Ke1 Ba6 37. Rgc2 Rcb8 38. c7 Rc8 39. Rc6 Kf7 40. a4 Ke7 41. a5 Rxc6 42. Rxc6 Bb7 43. Rc4 Kd7 44. Rb4 Ba8 45. Rb8 Kxc7 46. Rxc8+ Kxc8 47. a6 0-1

[Event "CAN-op"]
[Site "Edmonton CAN"]
[Date "2005.07.17"]
[Round "10"]
[White "Gentes, Kevin"]
[Black "Nataf, Igor A"]
[Result "1/2-1/2"]
[WhiteElo "2331"]
[BlackElo "2603"]
[PlyCount "67"]
[GameId "2160767910902186"]
[EventDate "2005.07.09"]
[EventType "swiss"]
[EventRounds "10"]
[EventCountry "CAN"]
[SourceTitle "CBM 107 Extra"]
[Source "ChessBase"]
[SourceDate "2005.09.01"]
[SourceVersion "1"]
[SourceVersionDate "2005.09.01"]
[SourceQuality "1"]

1. d4 Nf6 2. c4 c5 3. Nf3 g6 4. g3 Bg7 5. Bg2 O-O 6. O-O Na6 7. Nc3 d6 8. h3 Bd7 9. b3 Bc6 10. Bb2 Ne4 11. Nxe4 Bxe4 12. Qd2 b6 13. Rad1 Qc8 14. d5 Bxb2 15. Qxb2 Rb8 16. Nd2 Bxg2 17. Kxg2 b5 18. e4 Nc7 19. h4 Qg4 20. f3 Qh5 21. Qc3 e5 22. Rb1 b4 23. Qe3 f5 24. Qg5 Qxg5 25. hxg5 f4 26. g4 Kg7 27. Rh1 Rh8 28. a4 a5 29. Rh6 Na8 30. Kf2 Nb6 31. Ke2 Rb7 32. Rbh1 Nd7 33. Kd3 Nf8 34. Ke2 1/2-1/2

[Event "CAN-op"]
[Site "Edmonton CAN"]
[Date "2005.07.17"]
[Round "10"]
[White "Gulati, Justin"]
[Black "Gonzalez, Ivan1"]
[Result "1-0"]
[WhiteElo "2122"]
[BlackElo "1839"]
[PlyCount "83"]
[GameId "2160767910902187"]
[EventDate "2005.07.09"]
[EventType "swiss"]
[EventRounds "10"]
[EventCountry "CAN"]
[SourceTitle "CBM 107 Extra"]
[Source "ChessBase"]
[SourceDate "2005.09.01"]
[SourceVersion "1"]
[SourceVersionDate "2005.09.01"]
[SourceQuality "1"]

1. e4 e6 2. d4 d5 3. e5 c5 4. c3 Nc6 5. Nf3 Bd7 6. Bd3 Rc8 7. dxc5 Bxc5 8. O-O Qc7 9. Bf4 a6 10. Nbd2 Nge7 11. Qe2 Ng6 12. Bg3 O-O 13. Kh1 Qd8 14. b4 Ba7 15. a3 f6 16. c4 Nd4 17. Nxd4 Bxd4 18. Rad1 Nxe5 19. Bb1 Ng6 20. Qd3 Ba7 21. Rfe1 d4 22. h4 f5 23. Nf3 Re8 24. h5 Nf8 25. Nxd4 Ba4 26. Rd2 Qg5 27. Nf3 Qxh5+ 28. Kg1 Qg4 29. c5 Bb5 30. Qe3 Ng6 31. Ne5 Nxe5 32. Bxe5 Bc6 33. f3 Qh5 34. Ba2 Qg6 35. f4 h5 36. Qf2 Be4 37. Re3 Re7 38. Qh4 Rd7 39. Rg3 Rxd2 40. Rxg6 Rcd8 41. Rxg7+ Kf8 42. Qe7# 1-0

[Event "CAN-op"]
[Site "Edmonton CAN"]
[Date "2005.07.17"]
[Round "10"]
[White "Haley, Phil"]
[Black "Dzieciolowski, Piotr"]
[Result "1-0"]
[WhiteElo "1772"]
[BlackElo "1686"]
[PlyCount "101"]
[GameId "2160767910902188"]
[EventDate "2005.07.09"]
[EventType "swiss"]
[EventRounds "10"]
[EventCountry "CAN"]
[SourceTitle "CBM 107 Extra"]
[Source "ChessBase"]
[SourceDate "2005.09.01"]
[SourceVersion "1"]
[SourceVersionDate "2005.09.01"]
[SourceQuality "1"]

1. d4 d5 2. Nf3 Nf6 3. Bf4 e6 4. e3 Bd6 5. Bxd6 Qxd6 6. Nbd2 O-O 7. Bd3 Nbd7 8. O-O e5 9. dxe5 Nxe5 10. Nxe5 Qxe5 11. c3 c5 12. h3 Ne4 13. Nf3 Qh5 14. Be2 Be6 15. Nd4 Qg6 16. Nxe6 fxe6 17. Bd3 c4 18. Bc2 Qf6 19. Bxe4 dxe4 20. Qd4 Qxd4 21. exd4 e5 22. Rad1 Rae8 23. Rfe1 exd4 24. Rxd4 b5 25. Rdxe4 Rd8 26. R1e2 Rd7 27. Re5 a6 28. Re6 Rf6 29. Rxf6 gxf6 30. f3 Kf7 31. Kf2 a5 32. Ke1 Rd8 33. Rd2 Re8+ 34. Kf2 Re5 35. Rd7+ Kg6 36. Rd4 h5 37. f4 Rc5 38. g4 hxg4 39. hxg4 Kh6 40. Kf3 b4 41. Ke4 b3 42. a4 Rc8 43. Kf3 Rc5 44. Ke3 Kg6 45. Rd6 Kf7 46. Kd4 Rc8 47. Rd5 Rg8 48. g5 fxg5 49. fxg5 Rc8 50. Rxa5 Rc6 51. Rc5 1-0

[Event "CAN-op"]
[Site "Edmonton CAN"]
[Date "2005.07.17"]
[Round "10"]
[White "MacFarlane, Donald"]
[Black "Meller, Marvin"]
[Result "0-1"]
[WhiteElo "1479"]
[BlackElo "1561"]
[PlyCount "106"]
[GameId "2160767910902189"]
[EventDate "2005.07.09"]
[EventType "swiss"]
[EventRounds "10"]
[EventCountry "CAN"]
[SourceTitle "CBM 107 Extra"]
[Source "ChessBase"]
[SourceDate "2005.09.01"]
[SourceVersion "1"]
[SourceVersionDate "2005.09.01"]
[SourceQuality "1"]

1. e4 e5 2. f4 d5 3. exd5 e4 4. Nc3 Bf5 5. d3 Bb4 6. Bd2 Nf6 7. Qe2 O-O 8. O-O-O Bg4 9. Qe3 Bxd1 10. Kxd1 Bxc3 11. Bxc3 Qxd5 12. Bxf6 gxf6 13. b3 Nc6 14. Nh3 Rae8 15. Nf2 f5 16. Qg3+ Kh8 17. Qg5 Qd4 18. Qxf5 Ne7 19. Qe5+ Qxe5 20. fxe5 e3 21. Ng4 Nf5 22. Ke2 h5 23. Nf6 Re7 24. c3 Rd8 25. d4 h4 26. Kf3 Kg7 27. Kf4 Nh6 28. Kxe3 Ng8 29. Nh5+ Kh6 30. g4 f6 31. Kf4 fxe5+ 32. dxe5 Rf8+ 33. Ke4 Nf6+ 34. Nxf6 Rxf6 35. Bc4 Kg5 36. Rf1 Rxf1 37. Bxf1 Kxg4 38. h3+ Kg5 39. Be2 Kg6 40. Bg4 c6 41. e6 Kf6 42. Kf4 b6 43. b4 a5 44. a3 Rg7 45. Bf5 axb4 46. cxb4 Ra7 47. Kg4 Rxa3 48. Be4 c5 49. bxc5 bxc5 50. Bd5 Ra4+ 51. Kh5 Rd4 52. Bf3 c4 53. Bg4 c3 0-1

[Event "CAN-op"]
[Site "Edmonton CAN"]
[Date "2005.07.17"]
[Round "10"]
[White "Mulyar, Michael"]
[Black "Grumic, Sasha"]
[Result "0-1"]
[WhiteElo "2422"]
[BlackElo "2087"]
[PlyCount "56"]
[GameId "2160767910902191"]
[EventDate "2005.07.09"]
[EventType "swiss"]
[EventRounds "10"]
[EventCountry "CAN"]
[SourceTitle "CBM 107 Extra"]
[Source "ChessBase"]
[SourceDate "2005.09.01"]
[SourceVersion "1"]
[SourceVersionDate "2005.09.01"]
[SourceQuality "1"]

1. c4 Nf6 2. Nc3 g6 3. g3 Bg7 4. Bg2 O-O 5. Nf3 d6 6. O-O c5 7. d4 Nc6 8. dxc5 dxc5 9. Be3 Be6 10. Qa4 Nd4 11. Bxd4 cxd4 12. Nb5 Ne8 13. Rad1 Bd7 14. Nfxd4 Qb6 15. Qa3 e5 16. c5 Qf6 17. Bxb7 exd4 18. Bxa8 Bxb5 19. Rfe1 Nc7 20. Bg2 a6 21. Qa5 Rc8 22. a4 Bc6 23. e4 Qe7 24. Bf1 Ne6 25. Bxa6 Rb8 26. b4 Ng5 27. Rd3 Be5 28. f3 Bc7 0-1

[Event "CAN-op"]
[Site "Edmonton CAN"]
[Date "2005.07.17"]
[Round "10"]
[White "Neven, Knut"]
[Black "Vincent, Trevor"]
[Result "1/2-1/2"]
[WhiteElo "2233"]
[BlackElo "2000"]
[PlyCount "118"]
[GameId "2160767910902192"]
[EventDate "2005.07.09"]
[EventType "swiss"]
[EventRounds "10"]
[EventCountry "CAN"]
[SourceTitle "CBM 107 Extra"]
[Source "ChessBase"]
[SourceDate "2005.09.01"]
[SourceVersion "1"]
[SourceVersionDate "2005.09.01"]
[SourceQuality "1"]

1. d4 f5 2. g3 Nf6 3. Bg2 g6 4. c3 Bg7 5. Qb3 Nc6 6. Nd2 d5 7. Nh3 e5 8. dxe5 Nxe5 9. Nf4 c6 10. O-O O-O 11. Nf3 Nc4 12. Qc2 Ne4 13. Nd4 Qe7 14. a4 Qf7 15. b3 Ne5 16. f3 Nf6 17. Ba3 Re8 18. Rae1 g5 19. Nd3 Nxd3 20. Qxd3 Qg6 21. e3 Be6 22. Nxe6 Rxe6 23. c4 Rae8 24. Bb4 dxc4 25. Qxc4 Nd5 26. e4 fxe4 27. fxe4 Nxb4 28. Qxb4 R6e7 29. Qc4+ Qe6 30. Qxe6+ Rxe6 31. Rd1 c5 32. Rd7 R6e7 33. Rxe7 Rxe7 34. Rf5 Bd4+ 35. Kf1 Rf7 36. Ke2 h6 37. Bf3 Kf8 38. Kd3 Ke7 39. Kc4 Rxf5 40. exf5 b6 41. Kd5 Bg1 42. h3 Bf2 43. g4 a5 44. Be2 c4 45. Bxc4 Kf6 46. Bf1 Bg1 47. Bd3 Bf2 48. Kc6 Bg1 49. Kb5 Bf2 50. b4 axb4 51. Kxb4 Bc5+ 52. Kb5 Bf2 53. Kc6 Bg1 54. Kd7 Bf2 55. Ke8 Bc5 56. Kd7 Bf2 57. Kd6 Bc5+ 58. Kd5 Bf2 59. Bb5 Bg1 1/2-1/2

[Event "CAN-op"]
[Site "Edmonton CAN"]
[Date "2005.07.17"]
[Round "10"]
[White "Peng, David Yu"]
[Black "Reeve, Jeff"]
[Result "0-1"]
[WhiteElo "2120"]
[BlackElo "2364"]
[PlyCount "91"]
[GameId "2160767910902193"]
[EventDate "2005.07.09"]
[EventType "swiss"]
[EventRounds "10"]
[EventCountry "CAN"]
[SourceTitle "CBM 107 Extra"]
[Source "ChessBase"]
[SourceDate "2005.09.01"]
[SourceVersion "1"]
[SourceVersionDate "2005.09.01"]
[SourceQuality "1"]

1. e4 c5 2. Nf3 Nc6 3. Nc3 e5 4. Bc4 Be7 5. d3 d6 6. Nd2 Nf6 7. Nf1 Bg4 8. f3 Be6 9. Ne3 Rb8 10. Ncd5 b5 11. Nxf6+ Bxf6 12. Bd5 Ne7 13. Bxe6 fxe6 14. Ng4 h5 15. Nxf6+ gxf6 16. f4 Kd7 17. O-O Qg8 18. a4 b4 19. c3 Qg4 20. Qxg4 hxg4 21. fxe5 fxe5 22. Be3 Rh7 23. d4 exd4 24. cxd4 c4 25. d5 exd5 26. exd5 a6 27. Rad1 Rbh8 28. Bd4 Rc8 29. Bf6 c3 30. bxc3 bxc3 31. Bxe7 Rxe7 32. Rf4 Re2 33. Rf7+ Kd8 34. Rf8+ Kc7 35. Rf4 c2 36. Rc1 Rd2 37. Rf2 Rd1+ 38. Rf1 Rxc1 39. Rxc1 Kb6 40. Kf2 Ka5 41. Kg3 Rc4 42. Kh4 Kxa4 43. Kg5 Kb3 44. Kf6 Kb2 45. Rxc2+ Rxc2 46. Ke6 0-1

[Event "CAN-op"]
[Site "Edmonton CAN"]
[Date "2005.07.17"]
[Round "10"]
[White "Rivas Cabrera, Edgar"]
[Black "Olson, Hans"]
[Result "1/2-1/2"]
[WhiteElo "1764"]
[BlackElo "2002"]
[PlyCount "166"]
[GameId "2160767910902194"]
[EventDate "2005.07.09"]
[EventType "swiss"]
[EventRounds "10"]
[EventCountry "CAN"]
[SourceTitle "CBM 107 Extra"]
[Source "ChessBase"]
[SourceDate "2005.09.01"]
[SourceVersion "1"]
[SourceVersionDate "2005.09.01"]
[SourceQuality "1"]

1. e4 e5 2. Nf3 Nc6 3. Bb5 a6 4. Bxc6 dxc6 5. O-O Bg4 6. d3 Bd6 7. h3 Bd7 8. Nc3 Ne7 9. Be3 c5 10. Nh2 Ng6 11. Qd2 O-O 12. Ne2 b5 13. f4 exf4 14. Nxf4 Nxf4 15. Bxf4 Be6 16. Nf3 Bxf4 17. Qxf4 Qd6 18. Qh2 h6 19. b3 a5 20. Nh4 a4 21. Kh1 b4 22. Nf5 Qxh2+ 23. Kxh2 Rfd8 24. g4 axb3 25. axb3 Kh7 26. Ne3 g6 27. Kg3 Kg7 28. h4 c6 29. Rfd1 Kf6 30. Rf1+ Ke5 31. h5 Rxa1 32. Rxa1 Bxb3 33. cxb3 Rxd3 34. Kf2 Kxe4 35. hxg6 fxg6 36. Nc4 Kd4 37. Na5 Kd5 38. Rh1 Rd2+ 39. Ke3 Ra2 40. Rd1+ Ke5 41. Nc4+ Kf6 42. Rd6+ Kg7 43. Rxc6 Rc2 44. Ke4 Rc3 45. Na5 h5 46. Kf4 hxg4 47. Kg5 g3 48. Rxg6+ Kf7 49. Kh5 c4 50. Nxc4 Rxb3 51. Ne5+ Kf8 52. Nc6 Ke8 53. Rg4 Kd7 54. Nxb4 g2 55. Nc2 Rh3+ 56. Kg5 Rh8 57. Kf4 Rf8+ 58. Ke3 Re8+ 59. Kd3 Rh8 60. Rxg2 Rh3+ 61. Kc4 Ke7 62. Rg6 Kf7 63. Rc6 Rh1 64. Rb6 Rc1 65. Kd3 Ke7 66. Nd4 Rh1 67. Ke4 Rh4+ 68. Ke5 Rh5+ 69. Nf5+ Kd7 70. Rf6 Rh1 71. Rf7+ Kc6 72. Nd4+ Kc5 73. Rc7+ Kb6 74. Rc6+ Kb7 75. Rf6 Ra1 76. Kd5 Ra5+ 77. Kc4 Rh5 78. Nb5 Rg5 79. Kb4 Rg4+ 80. Ka5 Rg5 81. Rb6+ Kc8 82. Rd6 Kb7 83. Rd7+ Kc6 1/2-1/2

[Event "CAN-op"]
[Site "Edmonton CAN"]
[Date "2005.07.17"]
[Round "10"]
[White "Shabalov, Alexander"]
[Black "Haessel, Dale"]
[Result "0-1"]
[WhiteElo "2631"]
[BlackElo "2230"]
[PlyCount "46"]
[GameId "2160767910902196"]
[EventDate "2005.07.09"]
[EventType "swiss"]
[EventRounds "10"]
[EventCountry "CAN"]
[SourceTitle "CBM 107 Extra"]
[Source "ChessBase"]
[SourceDate "2005.09.01"]
[SourceVersion "1"]
[SourceVersionDate "2005.09.01"]
[SourceQuality "1"]

1. d4 Nf6 2. c4 g6 3. Nc3 d5 4. Nf3 Bg7 5. Qb3 dxc4 6. Qxc4 O-O 7. e4 Nc6 8. Bg5 Bg4 9. O-O-O Nd7 10. e5 Nb6 11. Qc5 a5 12. h3 Bxf3 13. gxf3 Qd7 14. f4 h6 15. Bh4 Qf5 16. Rd2 Qxf4 17. Bg3 Qf5 18. f4 Rfd8 19. Rhh2 Nb4 20. d5 Bxe5 21. a3 Bxc3 22. bxc3 Rxd5 23. Qxe7 Nd3+ 0-1

[Event "CAN-op"]
[Site "Edmonton CAN"]
[Date "2005.07.17"]
[Round "10"]
[White "Skylar, Malito"]
[Black "Stark, Mark"]
[Result "1/2-1/2"]
[WhiteElo "1661"]
[BlackElo "1832"]
[PlyCount "81"]
[GameId "2160767910902197"]
[EventDate "2005.07.09"]
[EventType "swiss"]
[EventRounds "10"]
[EventCountry "CAN"]
[SourceTitle "CBM 107 Extra"]
[Source "ChessBase"]
[SourceDate "2005.09.01"]
[SourceVersion "1"]
[SourceVersionDate "2005.09.01"]
[SourceQuality "1"]

1. e4 c5 2. Nf3 d6 3. d4 cxd4 4. Nxd4 Nf6 5. Nc3 Nc6 6. Be2 e5 7. Nb3 Be6 8. O-O d5 9. exd5 Nxd5 10. Nxd5 Bxd5 11. Bb5 a6 12. Bxc6+ Bxc6 13. Qe2 Qd5 14. Qg4 f5 15. Qh3 g6 16. Bg5 Bg7 17. Rad1 Qf7 18. Rd6 O-O 19. Rfd1 Qc4 20. Na5 Qxc2 21. Nxc6 bxc6 22. Bh6 Ra7 23. Bxg7 Kxg7 24. Qe3 Re7 25. Qg5 Rff7 26. h4 f4 27. h5 Re8 28. h6+ Kg8 29. Rd8 Rff8 30. R1d7 Qb1+ 31. Kh2 Rxd8 32. Rxd8 Qf5 33. Qxf5 gxf5 34. Rd6 Rb8 35. b3 e4 36. Rxc6 e3 37. fxe3 fxe3 38. Re6 f4 39. Kh3 Kf7 40. Re4 Rd8 41. Rxf4+ 1/2-1/2

[Event "CAN-op"]
[Site "Edmonton CAN"]
[Date "2005.07.17"]
[Round "10"]
[White "Smith, Maurice"]
[Black "Walker, Adrian1"]
[Result "1-0"]
[WhiteElo "1708"]
[BlackElo "1559"]
[PlyCount "97"]
[GameId "2160767910902198"]
[EventDate "2005.07.09"]
[EventType "swiss"]
[EventRounds "10"]
[EventCountry "CAN"]
[SourceTitle "CBM 107 Extra"]
[Source "ChessBase"]
[SourceDate "2005.09.01"]
[SourceVersion "1"]
[SourceVersionDate "2005.09.01"]
[SourceQuality "1"]

1. d4 d5 2. c4 e6 3. Nf3 Nf6 4. Bg5 Nbd7 5. Nc3 c6 6. e3 Be7 7. Bd3 O-O 8. O-O Re8 9. Rc1 h6 10. Bh4 Qb6 11. Qc2 Qd8 12. h3 b6 13. Bg3 Bb7 14. cxd5 exd5 15. Bh2 c5 16. Nb5 Rf8 17. Bc7 Qc8 18. Bd6 Qd8 19. Bh2 Ne8 20. Ne5 Ba6 21. Nc3 Bb7 22. Qa4 Nxe5 23. Bxe5 Nc7 24. Qd1 Bd6 25. Bxd6 Qxd6 26. Qf3 cxd4 27. exd4 Ne6 28. Qf5 g6 29. Qf6 Qd8 30. Qe5 Qb8 31. Qf6 Qd8 32. Qe5 Qb8 33. Qf6 a6 34. Qh4 Qf4 35. Qe7 Rab8 36. Ne2 Qd2 37. Rfd1 Qg5 38. Qb4 b5 39. Bb1 Kg7 40. Rc3 Qh4 41. Re1 Qg5 42. Rg3 Qd8 43. Qd2 Rc8 44. Rb3 Ng5 45. Re3 Ne6 46. Qd3 Qe7 47. Ng3 Qb4 48. Rxe6 Rc6 49. R6e2 1-0

[Event "CAN-op"]
[Site "Edmonton CAN"]
[Date "2005.07.17"]
[Round "10"]
[White "Yoos, John"]
[Black "Pechisker, Alfred"]
[Result "0-1"]
[WhiteElo "2442"]
[BlackElo "2190"]
[PlyCount "152"]
[GameId "2160767910902199"]
[EventDate "2005.07.09"]
[EventType "swiss"]
[EventRounds "10"]
[EventCountry "CAN"]
[SourceTitle "CBM 107 Extra"]
[Source "ChessBase"]
[SourceDate "2005.09.01"]
[SourceVersion "1"]
[SourceVersionDate "2005.09.01"]
[SourceQuality "1"]

1. e4 c6 2. d4 d5 3. e5 Bf5 4. Nc3 e6 5. g4 Bg6 6. Nge2 Nd7 7. h4 f6 8. h5 Bf7 9. f4 fxe5 10. dxe5 Qb6 11. Nd4 c5 12. Nf3 Ne7 13. Ng5 Bg8 14. Nb5 Nc6 15. c4 O-O-O 16. Bg2 dxc4 17. Qa4 Nd4 18. Nxd4 cxd4 19. Qxc4+ Kb8 20. Rh3 Qb4+ 21. Qxb4 Bxb4+ 22. Bd2 Be7 23. Ne4 Bf7 24. Rb3 Nb6 25. Ba5 Rc8 26. Bxb6 axb6 27. Rxb6 Rc2 28. Kf1 Kc7 29. Rb3 Be8 30. Nd6 Bxd6 31. Be4 Rc5 32. Rxb7+ Kc8 33. exd6 Rf8 34. f5 exf5 35. Bg2 fxg4+ 36. Kg1 Rf6 37. b4 Rc3 38. Rc7+ Rxc7 39. dxc7 Kxc7 40. Be4 Bb5 41. Rd1 Rf4 42. Bd3 Kb6 43. Bxh7 Ba4 44. Rc1 Bb5 45. Rc8 Be2 46. Kg2 Kb5 47. Rb8+ Ka4 48. b5 Bxb5 49. Bc2+ Ka5 50. Bd1 d3 51. Rg8 Rf7 52. Rd8 Kb4 53. Rb8 Kc5 54. Bxg4 Bc6+ 55. Kg3 Kd4 56. a4 Ke3 57. a5 Ra7 58. Rb6 Bd7 59. Bxd7 Rxd7 60. Re6+ Kd2 61. a6 Kc1 62. Rc6+ Kd1 63. Rc5 Re7 64. Ra5 Ra7 65. Kf2 d2 66. Kf1 Kc2 67. Rc5+ Kd3 68. Rd5+ Ke3 69. Rd8 Rxa6 70. Re8+ Kf3 71. Rf8+ Rf6 72. Rd8 Ke3+ 73. Kg2 Ke2 74. Re8+ Kd1 75. Re7 Rd6 76. Kf2 Kc2 0-1